El problema del terrorismo contemporáneo: aportes para su comprensión desde la crítica trotskista-leninista a los movimientos terroristas antes y durante la Revolución rusa /
n este trabajo se retoman las críticas de Trotsky y Lenin a los movimientos terroristas, con el objetivo de mostrar los aportes que pueden brindar para comprender la estrategia geopolítica contemporánea del gobierno estadounidense y del resto de los países centrales del capitalismo occidental y su n...
Guardat en:
| Autor principal: | |
|---|---|
| Format: | Llibre |
| Idioma: | Spanish |
| Matèries: | |
| Accés en línia: | texto completo desde el sitio de la revista |
| Etiquetes: |
Afegir etiqueta
Sense etiquetes, Sigues el primer a etiquetar aquest registre!
|
MARC
| LEADER | 00000nam a22000007a 4500 | ||
|---|---|---|---|
| 003 | cru CIDCACS/IIS | ||
| 005 | 20230921150154.0 | ||
| 007 | ta | ||
| 008 | 200110t2018 cr |||p|r||||||0| ||spa|d | ||
| 040 | |c cru CIDCACS/IIS | ||
| 100 | 1 | |9 8937 |a Herrera Rodríguez, Omar S. | |
| 245 | 1 | 3 | |a El problema del terrorismo contemporáneo: |b aportes para su comprensión desde la crítica trotskista-leninista a los movimientos terroristas antes y durante la Revolución rusa / |c Omar S. Herrera Rodríguez |
| 300 | |a páginas 57-68 | ||
| 520 | |a n este trabajo se retoman las críticas de Trotsky y Lenin a los movimientos terroristas, con el objetivo de mostrar los aportes que pueden brindar para comprender la estrategia geopolítica contemporánea del gobierno estadounidense y del resto de los países centrales del capitalismo occidental y su necesidad para repensar la práctica política de los movimientos sociales basada en el terrorismo como estrategia para enfrentar las intervenciones políticas promovidas con la declaración de la Guerra Global Preventiva contra el Terrorismo. RAR 09/2023 | ||
| 650 | 0 | |2 OCDE |9 845 |a TERRORISMO | |
| 650 | 0 | |2 OCDE |9 378 |a GUERRA | |
| 650 | 0 | |2 OCDE |9 243 |a ESTADO | |
| 650 | 0 | |9 137 |a REVOLUCION |2 OCDE | |
| 650 | 0 | |9 676 |a GEOPOLITICA |2 OCDE | |
| 773 | 0 | |0 40315 |9 3745 |a Universidad de Costa Rica |d San José, Montes de Oca, Costa Rica: Editorial Universidad de Costa Rica, 1957- |o 18587 |t Revista de Filosofía/ |x 00348252 | |
| 856 | |u https://revistas.ucr.ac.cr/index.php/filosofia/article/view/37871/38819 |y texto completo desde el sitio de la revista | ||
| 942 | |2 ddc |c PP | ||
| 999 | |c 42818 |d 42818 | ||
